| 000 -LEADER |
| fixed length control field |
00607nam a2200205Ia 4500 |
| 001 - CONTROL NUMBER |
| control field |
18893 |
| 003 - CONTROL NUMBER IDENTIFIER |
| control field |
GE_BSU |
| 008 - FIXED-LENGTH DATA ELEMENTS--GENERAL INFORMATION |
| fixed length control field |
181216s||||||||xx |||||||||||||| ||und|| |
| 040 ## - CATALOGING SOURCE |
| Transcribing agency |
GE_BSU |
| 245 ## - TITLE STATEMENT |
| Title |
Химия и жизнь-XXI век. №6. 2016 |
| 245 ## - TITLE STATEMENT |
| Remainder of title |
ежемесячный научно-популярный журнал |
| 245 ## - TITLE STATEMENT |
| Statement of responsibility, etc. |
Гл.ред.Стельникова Л.Н. |
| 260 ## - PUBLICATION, DISTRIBUTION, ETC. |
| Place of publication, distribution, etc. |
Москва |
| 260 ## - PUBLICATION, DISTRIBUTION, ETC. |
| Name of publisher, distributor, etc. |
наука пресс |
| 260 ## - PUBLICATION, DISTRIBUTION, ETC. |
| Date of publication, distribution, etc. |
2016 |
| 300 ## - PHYSICAL DESCRIPTION |
| Extent |
64стр. ил,28см. |
| 653 ## - INDEX TERM--UNCONTROLLED |
| Uncontrolled term |
Химия и жизнь |
| 653 ## - INDEX TERM--UNCONTROLLED |
| Uncontrolled term |
პერიოდიკა |
| 942 ## - ADDED ENTRY ELEMENTS (KOHA) |
| Koha item type |
პერიოდიკა |